000 00760nam a2200181 i 4500
001 181379
003 ES-MaACL
005 20230906221340.0
008 121220s1882 sp |||| | spa d
110 2 _aEscuela de Artes y Oficios de San Sebastian.
_9134364
245 1 0 _aMemoria leída en la solemne apertura del curso académico de 1882 a 1883 /
_cpor don José de la Peña.
260 _aSan Sebastián :
_b[s.n.],
_c1882 (
_fEst. tip. de Osés)
300 _a31 p., [1] h. pleg. ;
_c22 cm.
594 _aPrecede al tít.: Escuela de Artes y Oficios de San Sebastián.
610 2 4 _aEscuela de Artes y Oficios de San Sebastián-
_vMemorias.
_9152000
700 1 _aPeña, José de la.
_990227
852 _aES-MaACL
_jT-360-F-10
_z.- Enc. en un vol. facticio
999 _c181379
_d181379